| 000 | 00525nam a2200217Ia 4500 | ||
|---|---|---|---|
| 003 | OSt | ||
| 005 | 20230628162924.0 | ||
| 008 | 210423s9999 xx 000 0 und d | ||
| 040 | _cAL | ||
| 041 | _aeng | ||
| 082 |
_a340 MATL _223 |
||
| 100 |
_aMATHEW (P D) _9118024 |
||
| 245 | _aLegal aid to the poor | ||
| 260 |
_bIndian Social Institute _aBengaluru _c2003 |
||
| 300 |
_a38 _bPB |
||
| 365 | _cINR | ||
| 650 |
_aLaw _9118025 |
||
| 650 |
_aSocial Sciences _9118026 |
||
| 906 | _aaid ; Legal ; poor | ||
| 942 |
_2ddc _cBK |
||
| 999 |
_c173716 _d173716 |
||